000 00330nam a2200133Ia 4500
008 220216s9999 xx 000 0 und d
100 _aGeorge C M
245 0 _aShort account of the rubber soils in India
260 _bRubber Board Bulletin
_c1961
300 _a92-95
650 _aIndia
650 _aRubber soils
942 _cJS
999 _c68653
_d68653